Dược lý học : Sách đào tạo dược sĩ đại học Tập 1

Giới thiệu đối tượng và vị trí của môn học. Sự hấp thu, phân bố, chuyển hoá, thải trừ và dược động học cơ bản. Tác dụng của thuốc. Thuốc tác dụng trên hệ thần kinh trung ương. Thuốc tác dụng trên hệ thần kinh thực vật...

詳細記述

保存先:
書誌詳細
第一著者: Mai Tất Tố
その他の著者: Vũ Thị Trâm (Chủ biên), Đào Thị Vui
フォーマット: 図書
言語:Vietnamese
出版事項: H. Y học 2007
タグ: タグ追加
タグなし, このレコードへの初めてのタグを付けませんか!
Thư viện lưu trữ: Thư viện Trường Đại học Nam Cần Thơ
LEADER 02623aam a22003138a 4500
001 NCT_10592
008 070821s2007 ||||||viesd
999 |c 511  |d 511 
020 |c 38000 
082 0 4 |2 23rd ed.  |a 615.7  |b T450/T.1 
100 1 |a Mai Tất Tố 
245 1 0 |a Dược lý học :  |b Sách đào tạo dược sĩ đại học  |n Tập 1  |c Chủ biên: Mai Tất Tố, Vũ Thị Trâm 
260 |a H.  |b Y học  |c 2007 
300 |a 199tr.  |b bảng  |c 27cm 
500 |a ĐTTS ghi: Bộ Y tế 
520 3 |a Giới thiệu đối tượng và vị trí của môn học. Sự hấp thu, phân bố, chuyển hoá, thải trừ và dược động học cơ bản. Tác dụng của thuốc. Thuốc tác dụng trên hệ thần kinh trung ương. Thuốc tác dụng trên hệ thần kinh thực vật 
700 1 |a Vũ Thị Trâm  |e Chủ biên 
700 1 |a Đào Thị Vui 
942 |2 ddc  |c BK 
952 |0 0  |1 0  |2 ddc  |4 0  |6 615_700000000000000_T450_T_1  |7 0  |9 3553  |a 000001  |b 000001  |d 2017-11-13  |l 5  |m 1  |o 615.7 T450/T.1  |p MD.05821  |r 2020-11-04  |s 2020-10-22  |v 38000.00  |w 2017-11-13  |y BK 
952 |0 0  |1 0  |2 ddc  |4 0  |6 615_700000000000000_T450_T_1  |7 0  |9 3554  |a 000001  |b 000001  |d 2017-11-13  |o 615.7 T450/T.1  |p MD.05825  |r 2017-11-13  |v 38000.00  |w 2017-11-13  |y BK 
952 |0 0  |1 0  |2 ddc  |4 0  |6 615_700000000000000_T450_T_1  |7 0  |9 3555  |a 000001  |b 000001  |d 2017-11-13  |l 6  |m 1  |o 615.7 T450/T.1  |p MD.04704  |r 2020-12-30  |s 2020-12-26  |v 38000.00  |w 2017-11-13  |y BK 
952 |0 0  |1 0  |2 ddc  |4 0  |6 615_700000000000000_T450_T_1  |7 0  |9 3556  |a 000001  |b 000001  |d 2017-11-13  |l 5  |o 615.7 T450/T.1  |p MD.04705  |r 2021-05-10  |s 2021-04-26  |v 38000.00  |w 2017-11-13  |y BK 
952 |0 0  |1 0  |2 ddc  |4 0  |6 615_700000000000000_T450_T_1  |7 0  |9 3557  |a 000001  |b 000001  |d 2017-11-13  |l 8  |m 1  |o 615.7 T450/T.1  |p MD.04706  |r 2021-06-02  |s 2021-05-10  |v 38000.00  |w 2017-11-13  |y BK 
952 |0 0  |1 0  |2 ddc  |4 0  |6 615_700000000000000_T450_T_1  |7 0  |9 3558  |a 000001  |b 000001  |d 2017-11-13  |l 4  |m 2  |o 615.7 T450/T.1  |p MD.04707  |r 2020-11-17  |s 2020-10-27  |v 38000.00  |w 2017-11-13  |y BK 
952 |0 0  |1 0  |2 ddc  |4 0  |6 615_700000000000000_T450_T_1  |7 0  |9 3559  |a 000001  |b 000001  |d 2017-11-13  |l 5  |m 1  |o 615.7 T450/T.1  |p MD.04708  |r 2021-05-10  |s 2021-04-28  |v 38000.00  |w 2017-11-13  |y BK 
952 |0 0  |1 0  |2 ddc  |4 0  |6 615_700000000000000_T450_T_1  |7 0  |9 3560  |a 000001  |b 000001  |d 2017-11-13  |l 5  |m 1  |o 615.7 T450/T.1  |p MD.04709  |r 2020-11-13  |s 2020-11-04  |v 38000.00  |w 2017-11-13  |y BK 
952 |0 0  |1 0  |2 ddc  |4 0  |6 615_700000000000000_T450_T_1  |7 0  |9 14901  |a 000001  |b 000001  |d 2018-11-24  |l 6  |m 1  |o 615.7 T450/T.1  |p MD.04710  |r 2021-05-18  |s 2021-05-04  |v 38000.00  |w 2018-11-24  |y BK 
980 |a Thư viện Trường Đại học Nam Cần Thơ